Načítá se...

Planning local economic development theory and practice

Podrobná bibliografie
Hlavní autor: Blakely,Edward James
Další autoři: Bradshaw,Ted K
Médium: Printed Book
Jazyk:English
Vydáno: New Delhi Vistaar Publications 2003
Vydání:3
Témata:
LEADER 00777nam a22002057a 4500
005 20160820112344.0
008 090813t xxu||||| |||| 00| 0 eng d
082 |a 330.34(73)  |b BLA 
100 |a Blakely,Edward James  |9 722 
245 |a Planning local economic development   |b theory and practice  
250 |a 3 
300 |a xvii,398p. 
653 |a economic development  |a planning 
700 |a Bradshaw,Ted K  |9 721 
942 |c BK  |6 _ 
260 |a New Delhi  |b Vistaar Publications   |c 2003 
020 |a 8178292904 
999 |c 168715  |d 168715 
952 |0 0  |1 0  |2 ddc  |4 0  |6 3303473BLA_  |7 0  |9 219278  |a DAE  |b DAE  |d 2009-08-13  |o 330.34(73)BLA  |p ECO10260  |r 2009-08-13  |w 2009-08-13  |y BK 
952 |0 0  |1 0  |2 ddc  |4 0  |6 3303473_BLA  |7 0  |9 219279  |a DAE  |b DAE  |d 2009-08-13  |o 330.34(73) BLA  |p ECO09690  |r 2009-08-13  |w 2009-08-13  |y BK